00278nam a2200121Ia 4500003000400000005001700004008004100021020001800062040002000080100001600100245003200116260000800148OSt20231120062921.0170524s9999 xx 000 0 und d a9780070656802 cIIMT UNIVERSITY aLeon Alexis 0aEnterprise Resource Plannig aTMH